Hoci fond rozvoja bývania zostáva, úvery obmedzil
Štátny fond rozvoja bývania (ŠFRB) nahradil úvery na nájomné byty dotáciou úrokov. Tohtoročný rozpočet ŠFRB je totiž vyčerpaný. ŠFRB ako jediný zo štátnych fondov nebol zrušený. Programy podpory bývania. Vytvorenie správneho modelu podpory financovania rozvoja bývania.
Enregistré dans:
| Auteur principal: | |
|---|---|
| Format: | Chapitre de livre |
| Langue: | slovaque |
| Sujets: | |
| Tags: |
Pas de tags, Soyez le premier à ajouter un tag!
|
MARC
| LEADER | 00000naa a2200000 4500 | ||
|---|---|---|---|
| 001 | r045869 | ||
| 005 | 20230921114031.2 | ||
| 041 | 0 | |a slo | |
| 044 | |a SK | ||
| 245 | 1 | 0 | |a Hoci fond rozvoja bývania zostáva, úvery obmedzil |c Peter Apolen |
| 520 | |a Štátny fond rozvoja bývania (ŠFRB) nahradil úvery na nájomné byty dotáciou úrokov. Tohtoročný rozpočet ŠFRB je totiž vyčerpaný. ŠFRB ako jediný zo štátnych fondov nebol zrušený. Programy podpory bývania. Vytvorenie správneho modelu podpory financovania rozvoja bývania. | ||
| 610 | 2 | 0 | |a podpory |
| 610 | 2 | 0 | |a bývanie |
| 610 | 2 | 0 | |a výstavba bytová |
| 610 | 2 | 0 | |a fond bytový |
| 610 | 2 | 0 | |a úver |
| 610 | 2 | 0 | |a dotácie |
| 610 | 2 | 0 | |a úrok |
| 610 | 2 | 0 | |a financovanie |
| 610 | 2 | 0 | |a Štátny fond rozvoja bývania Bratislava |
| 100 | 1 | |a Apolen, Peter | |